LEADER 00886nam a2200217 4500 001 000000355106 003 CaOOAMICUS 005 20230825102858.0 008 230825s1817 it a 000 u ita r 040 $aSeMil$bita 100 11$aLanzi, Luigi,$d<1732-1810>.$0(OLS)http://semarc/name/6634 245 10$aOpere postume dell'abate don Luigi Lanzi. Tomo 1. [-2.]. 264 1$aFirenze :$bpresso i Carli,$c1817. 300 $a2 v. ;$c4° 500 $aMedaglione con ritratto dell'A. sui front. 700 1 $aCarli,$c.$0(OLS)http://semarc/name/118108 774 0 $tT. 1.$dFirenze : presso i Carli, 1817.$w()355107 774 0 $tT. 2.$dFirenze : presso i Carli, 1817.$w()355108 996 $6245$aOpere postume dell'abate don Luigi Lanzi. Tomo 1. [-2.]$9(OLS)http://semarc/title/445268 996 $6264$aFirenze :$bpresso i Carli$9(OLS)http://semarc/publisher/61190 LEADER 01044nam a2200229 i 4500 001 000000216691 003 CaOOAMICUS 005 20121107000000.0 008 121107s1984 it u000 u ita u 013 $a195586 040 $aSeMil$bita 100 1 $aCarrasco, José Antonio.$0(OLS)http://semarc/name/76645 245 10$aSan Giuseppe nel mistero di Cristo e della chiesa /$cJosé Antonio Carrasco. 260 $aRoma ; Casale Monferrato :$bEdizioni Piemme di Pietro Marietti,$c1984. 300 $a106 p. ;$c21 cm. 490 0 $aMovimento Giuseppino ;$v2 650 4$aGiuseppe .$0(OLS)http://semarc/subject/808 830 0$aMovimento Giuseppino ;$v2.$0(OLS)http://semarc/title/31101 850 $aSeMil 852 $aSeMil$W1$xVenegono$y1$m3H IV 420$j241284$B167107$CSeMilBibl$Z2$F179261 $81 996 $6245$aSan Giuseppe nel mistero di Cristo e della chiesa$9(OLS)http://semarc/title/311512 996 $6260$aRoma ; Casale Monferrato :$bEdizioni Piemme di Pietro Marietti$9(OLS)http://semarc/publisher/30164